[Event "Open Ricany 2oo9"]
[Site "?"]
[Date "2009.08.29"]
[Round "9.39"]
[White "Krejci ,Martin"]
[Black "Urban ,Miroslav"]
[Result "1/2-1/2"]
[WhiteElo "1837"]
[BlackElo "1917"]

1. e4 e5 2. Nf3 Nc6 3. Bb5 a6 4. Ba4 Nf6 5. O-O Be7 6. Re1 b5 7. Bb3 O-O 8. c3
d5 9. d4 exd4 10. e5 Ne4 11. Nxd4 Nxd4 12. cxd4 Be6 13. Bc2 Bb4 14. Re2 Qh4
15. Nd2 Nxd2 16. Bxd2 Qxd4 17. Bxb4 Qxb4 18. Qd3 g6 19. a3 Qxb2 20. Rb1 Qa2
21. Rb4 Bf5 22. Qc3 Bxc2 23. Rxc2 d4 24. Rxd4 Qe6 25. Rd3 Rfd8 26. Rxd8+ Rxd8
27. h3 Rc8 28. Qe3 a5 29. Qa7 Qxe5 30. Qxa5 c6 31. Rxc6 Rxc6 1/2-1/2

[Event "Open Ricany 2oo9"]
[Site "?"]
[Date "2009.08.29"]
[Round "9.33"]
[White "Skokan ,Frantisek"]
[Black "Hatas ,Radim"]
[Result "1-0"]
[WhiteElo "1854"]
[BlackElo "1773"]

1. d4 d5 2. c4 c6 3. Nf3 Nf6 4. Nc3 e6 5. e3 Nbd7 6. Bd3 dxc4 7. Bxc4 b5 8. Bd3
b4 9. Ne2 c5 10. O-O Bb7 11. Ng3 cxd4 12. Nxd4 Bc5 13. Bd2 O-O 14. Nf3 Bxf3
15. gxf3 Ne5 16. Be2 Qd6 17. f4 Nd3 18. Qc2 Rfd8 19. Rad1 Rac8 20. Qb1 Qa6
21. Be1 Qb6 22. Rxd3 Nd5 23. Ne4 Bxe3 24. fxe3 Nxe3 25. Bf2 e5 26. Bxe3 Qg6+
27. Ng3 Re8 28. Bh5 Qa6 29. fxe5 g6 30. Bg4 Rc7 31. Rfd1 1-0

[Event "Open Ricany 2oo9"]
[Site "?"]
[Date "2009.08.29"]
[Round "9.9"]
[White "Vojta ,Pavel"]
[Black "Moravec ,Vit"]
[Result "1/2-1/2"]
[WhiteElo "2173"]
[BlackElo "2053"]

1. Nf3 c5 2. g3 d5 3. Bg2 Nc6 4. d4 e6 5. O-O Nf6 6. Bg5 Be7 7. Nc3 O-O 8. dxc5
Bxc5 9. e3 a6 10. Qe2 h6 11. Bxf6 Qxf6 12. Na4 Ba7 13. c4 dxc4 14. Qxc4 e5
15. Nc3 Be6 16. Qh4 Qxh4 17. Nxh4 Rfd8 18. Rfd1 Rxd1+ 19. Rxd1 Rd8 20. Rxd8+
Nxd8 21. Bd5 Bxd5 22. Nxd5 Nc6 23. Kf1 g6 24. Ke2 Kg7 25. Nf3 e4 26. Nd2 f5
27. Nc4 Bc5 28. a3 b5 29. Nd2 Bd6 30. b4 1/2-1/2

[Event "Open Ricany 2oo9"]
[Site "?"]
[Date "2009.08.29"]
[Round "9.16"]
[White "Postupa st. ,Pavel"]
[Black "Zvara ,David"]
[Result "1-0"]
[WhiteElo "2081"]
[BlackElo "1830"]

1. e4 e5 2. Nf3 Nf6 3. Nc3 Nc6 4. Bb5 Bb4 5. Nd5 Ba5 6. O-O O-O 7. d3 Nxd5
8. exd5 Nd4 9. Nxd4 exd4 10. Qg4 Qf6 11. Bxd7 Bxd7 12. Qxd7 Rad8 13. Qb5 Qb6
14. Qc4 Qb4 15. a3 Qd6 16. Qxd4 Bb6 17. Qc4 Qxd5 18. Qxd5 Rxd5 19. Be3 Bxe3
20. fxe3 Rfd8 21. Rf2 Re8 22. Raf1 f6 23. e4 Rd4 24. Rf5 b6 25. R1f3 c5 26. c4
Red8 27. Rd5 f5 28. Rxd8+ Rxd8 29. exf5 Kf7 30. Kf2 Kf6 31. Ke2 a6 32. a4 b5
33. axb5 axb5 34. b3 b4 35. Ke3 Re8+ 36. Kf4 Re2 37. g4 Rxh2 38. g5+ Kf7 39. Ke5
Rg2 40. d4 cxd4 41. c5 Rxg5 42. Kxd4 Ke7 43. Kc4 Rg4+ 44. Kb5 Kd7 45. f6 gxf6
46. Rxf6 h5 47. c6+ Kc7 48. Rf7+ Kd6 49. Rd7+ Ke6 50. Rh7 Rg8 51. c7 h4 52. Rxh4
Kd7 53. Rc4 Kc8 54. Kxb4 Rg7 55. Kb5 Rxc7 56. Kb6 Rxc4 57. bxc4 Kb8 58. Kc6 Kc8
59. c5 1-0

[Event "Open Ricany 2oo9"]
[Site "?"]
[Date "2009.08.29"]
[Round "9.10"]
[White "Fojtu ,Jan"]
[Black "Svitak ,David"]
[Result "1-0"]
[WhiteElo "2093"]
[BlackElo "1865"]

1. d4 g6 2. c4 Nf6 3. Nc3 Bg7 4. e4 d6 5. Nf3 O-O 6. Be2 e5 7. O-O Nc6 8. d5
Ne7 9. Ne1 Nd7 10. Be3 f5 11. f3 f4 12. Bf2 g5 13. b4 h5 14. c5 Nf6 15. Rc1 Rf7
16. cxd6 cxd6 17. Nb5 Ng6 18. Nxa7 Rxa7 19. Bxa7 b6 20. Qc2 Bb7 21. a4 g4 22. a5
Ne8 23. fxg4 Rc7 24. Qd2 Rxc1 25. Qxc1 hxg4 26. Bxb6 Qh4 27. a6 f3 28. axb7 Nf4
29. Bxf3 gxf3 30. Qxf4 1-0

[Event "Open Ricany 2oo9"]
[Site "?"]
[Date "2009.08.29"]
[Round "9.13"]
[White "Blumel ,Otto"]
[Black "Skala ,Jaromir"]
[Result "1/2-1/2"]
[WhiteElo "2142"]
[BlackElo "2065"]

1. d4 Nf6 2. Nc3 d5 3. Bg5 Bf5 4. f3 h6 5. Bh4 g5 6. Bg3 Bg7 7. Qd2 Nc6 8. h4
g4 9. Nb5 Rc8 10. c3 a6 11. Nxc7+ Rxc7 12. Qf4 Rc8 13. Qxf5 e6 14. Qd3 b5 15. a3
Na5 16. e4 gxf3 17. gxf3 Nh5 18. Ne2 Nxg3 19. Nxg3 Bf6 20. O-O-O Bxh4 1/2-1/2

[Event "Open Ricany 2oo9"]
[Site "?"]
[Date "2009.08.29"]
[Round "9.11"]
[White "Pavlicek ,Petr"]
[Black "Matejovsky ,Ondrej"]
[Result "1/2-1/2"]
[WhiteElo "2036"]
[BlackElo "2085"]

1. e4 e5 2. Bc4 Bc5 3. c3 Qh4 4. Qe2 Nf6 5. d3 d6 6. Nf3 Qh5 7. Be3 Bb6 8. Nbd2
Be6 9. Bb3 Bxb3 10. axb3 Nbd7 11. Nc4 O-O 12. O-O Nc5 13. Ra3 Ng4 14. h3 1/2-1/2

[Event "Open Ricany 2oo9"]
[Site "?"]
[Date "2009.08.29"]
[Round "9.1"]
[White "Mejzlik ,Ondrej"]
[Black "Vokac ,Marek"]
[Result "1/2-1/2"]
[WhiteElo "2206"]
[BlackElo "2466"]

1. c4 g6 2. Nc3 Bg7 3. g3 e5 4. Bg2 d6 5. d3 Nc6 6. e4 Nh6 7. Nge2 O-O 8. O-O
f5 9. h3 Be6 10. Nd5 Qd7 11. Kh2 Rae8 12. Be3 Nd4 13. Qd2 Nxe2 14. Bxh6 Nd4
15. Bxg7 Kxg7 1/2-1/2

[Event "Open Ricany 2oo9"]
[Site "?"]
[Date "2009.08.29"]
[Round "9.15"]
[White "Postupa ml. ,Pavel"]
[Black "Novak ,Jindrich"]
[Result "0-1"]
[WhiteElo "2131"]
[BlackElo "2036"]

1. e4 e5 2. Nf3 d6 3. d4 Bg4 4. Be2 Nc6 5. c3 Qf6 6. d5 Bxf3 7. Bxf3 Nd8 8. Be3
Qe7 9. Be2 f6 10. Nd2 g6 11. Bd3 Bh6 12. O-O Kf7 13. Qe2 Kg7 14. f4 exf4
15. Bxf4 Nf7 16. g3 Bxf4 17. gxf4 f5 18. Rfe1 fxe4 19. Nxe4 Nf6 20. Nxf6 Qxf6
21. Qg4 Rae8 22. Bb5 Rxe1+ 23. Rxe1 Rf8 24. Re6 Nh6 25. Rxf6 Nxg4 26. Rxf8 Kxf8
27. Be2 Ne3 28. Bf3 Ke7 29. Kf2 Nc4 30. b3 Nd2 31. Ke2 Nxf3 32. Kxf3 Kf6 33. Ke4
b5 34. a4 bxa4 35. bxa4 g5 36. h3 a5 37. c4 Kg6 38. Kf3 Kf5 39. fxg5 Kxg5
40. Kg3 Kf5 41. Kf3 Ke5 42. Ke3 h6 43. h4 h5 44. Kf3 Kf5 0-1

[Event "Open Ricany 2oo9"]
[Site "?"]
[Date "2009.08.29"]
[Round "9.21"]
[White "Straka ,Vojtech"]
[Black "Sochorova ,Jana"]
[Result "1/2-1/2"]
[WhiteElo "2039"]
[BlackElo "1903"]

1. d4 Nf6 2. c4 g6 3. Nc3 Bg7 4. e4 O-O 5. Bd3 d6 6. Nge2 e5 7. d5 a5 8. O-O
Na6 9. a3 Bd7 10. Bc2 Qe8 11. Ng3 h5 12. h3 Nc5 13. b3 Kh7 14. Bg5 Ng8 15. b4
axb4 16. axb4 Rxa1 17. Qxa1 Na6 18. Qb1 Bh6 19. Bc1 Bxc1 20. Rxc1 Nh6 21. f3
1/2-1/2

[Event "Open Ricany 2oo9"]
[Site "?"]
[Date "2009.08.29"]
[Round "9.7"]
[White "Sindler ,Michal"]
[Black "Groh ,Jiri"]
[Result "1-0"]
[WhiteElo "2163"]
[BlackElo "2113"]

1. e4 c5 2. Nf3 Nc6 3. Bb5 g6 4. Bxc6 dxc6 5. d3 Bg7 6. h3 b6 7. Nc3 e5 8. Be3
Be6 9. Qd2 Qc7 10. O-O Rd8 11. Ng5 Bc8 12. f4 h6 13. Nf3 c4 14. Nxe5 Bxe5
15. fxe5 cxd3 16. cxd3 Qxe5 17. Qf2 Be6 18. d4 Qg7 19. d5 cxd5 20. exd5 Bf5
21. Rae1 Kf8 22. Bc5+ bxc5 23. Qxc5+ 1-0

[Event "Open Ricany 2oo9"]
[Site "?"]
[Date "2009.08.29"]
[Round "9.18"]
[White "Kubik ,Jaroslav"]
[Black "Vevera ,Radek"]
[Result "1/2-1/2"]
[WhiteElo "1975"]
[BlackElo "2092"]

1. c4 e5 2. Nc3 Nc6 3. Nf3 Nf6 4. d3 Bb4 5. Bd2 O-O 6. Nd5 Bxd2+ 7. Qxd2 d6
8. Nc3 Re8 9. e4 Bg4 10. Be2 Bxf3 11. Bxf3 Nd4 12. Ne2 Nxe2 13. Bxe2 c6 14. Qb4
Qc7 15. O-O Nd7 16. Qd2 Nc5 17. b4 Ne6 18. a4 a5 19. b5 c5 20. Bg4 Nd4 21. Rad1
b6 22. f4 exf4 23. Rxf4 Re5 24. Rdf1 Rf8 25. Qf2 Qe7 26. h3 Rg5 27. Bf5 Rxf5
28. Rxf5 Nxf5 29. Qxf5 Qe5 30. Rf3 Qxf5 1/2-1/2

[Event "Open Ricany 2oo9"]
[Site "?"]
[Date "2009.08.29"]
[Round "9.14"]
[White "Skrivanek ,Jan"]
[Black "Matejka ,Vladimir"]
[Result "1-0"]
[WhiteElo "2136"]
[BlackElo "1993"]

1. d4 c5 2. c4 cxd4 3. Nf3 e5 4. e3 dxe3 5. Bxe3 d6 6. Nc3 Nf6 7. Qc2 Nc6
8. O-O-O Qa5 9. a3 Bg4 10. Nb5 d5 11. cxd5 Nd4 12. Bxd4 exd4 13. Nc7+ Kd8
14. Nxa8 Bd6 15. Rxd4 Kd7 16. Rxg4 Nxg4 17. Qf5+ Ke7 18. Qxg4 Qc5+ 19. Kb1 Rxa8
20. Qxg7 Qxf2 21. Bd3 Rf8 22. Bb5 Qc5 23. Nd4 Qxd5 24. Re1+ Kd8 25. Ne6+ 1-0

[Event "Open Ricany 2oo9"]
[Site "?"]
[Date "2009.08.29"]
[Round "9.30"]
[White "Vesecky ,Martin"]
[Black "Havlicek ,Pavel"]
[Result "1-0"]
[WhiteElo "1946"]
[BlackElo "1774"]

1. e4 e5 2. Nf3 Nc6 3. Bb5 a6 4. Ba4 b5 5. Bb3 d6 6. h3 Be7 7. O-O Nf6 8. Re1
O-O 9. c3 Rb8 10. d4 Bd7 11. Nbd2 Qc8 12. Nf1 Qe8 13. Ng3 Kh8 14. Bc2 Ng8
15. Be3 f6 16. Nh2 Qg6 17. Nf5 Bd8 18. d5 Nce7 19. Nh4 Qf7 20. b4 Ng6 21. Nxg6+
Qxg6 22. Kh1 f5 23. exf5 Bxf5 24. Bxf5 Qxf5 25. a4 Qd7 26. axb5 Qxb5 27. Qb3 c5
28. dxc6 Qxc6 29. c4 Nf6 30. Nf3 Nd7 31. Nd2 Qb7 32. Reb1 g6 33. f3 Nf6 34. Qa3
Ra8 35. b5 a5 36. Qxd6 Bc7 37. Qa3 Nh5 38. Ne4 Rad8 39. b6 Bb8 40. Qxa5 Rd3
41. Nc5 1-0

[Event "Open Ricany 2oo9"]
[Site "?"]
[Date "2009.08.29"]
[Round "9.28"]
[White "Kralovsky ,Martin"]
[Black "Pospisil ,Martin"]
[Result "1-0"]
[WhiteElo "2002"]
[BlackElo "1868"]

1. d4 d5 2. c4 e6 3. Nc3 Nf6 4. Bg5 c6 5. Bxf6 Qxf6 6. e3 Bd6 7. Nf3 Nd7 8. Bd3
b6 9. O-O Bb7 10. e4 dxe4 11. Nxe4 Qe7 12. Re1 O-O 13. Qc2 h6 14. Rad1 Nf6
15. Nxd6 Qxd6 16. c5 Qc7 17. Qe2 Rad8 18. b4 Nd5 19. Qe4 Nf6 20. Qh4 Qc8 21. Ne5
bxc5 22. dxc5 Ba6 23. Bc2 Qc7 24. Re3 Kh8 25. g4 Nd5 26. Rf3 Be2 27. Rxf7 Rxf7
28. Qxd8+ Qxd8 29. Nxf7+ 1-0

[Event "Open Ricany 2oo9"]
[Site "?"]
[Date "2009.08.29"]
[Round "9.29"]
[White "Feierfeil ,Jiri"]
[Black "Fikr ,Lukas"]
[Result "1-0"]
[WhiteElo "1885"]
[BlackElo "1996"]

1. d4 Nf6 2. c4 g6 3. Nc3 Bg7 4. e4 d6 5. f3 O-O 6. Be3 e5 7. d5 Nh5 8. g4 Nf4
9. Qd2 f5 10. gxf5 gxf5 11. O-O-O Qh4 12. Nge2 Nxe2+ 13. Qxe2 f4 14. Bf2 Qh5
15. c5 Na6 16. cxd6 cxd6 17. Kb1 Bd7 18. Rc1 Rfc8 19. h4 Bf6 20. Qd1 Qf7 21. Nb5
Rxc1+ 22. Qxc1 Bxb5 23. Bxb5 Nc7 24. Bf1 Kh8 25. Bh3 Nb5 26. Be6 Qc7 27. Qd2 Qe7
28. h5 h6 29. Rg1 Bg5 30. Qb4 Qe8 31. a4 a5 32. Qxb5 1-0

[Event "Open Ricany 2oo9"]
[Site "?"]
[Date "2009.08.29"]
[Round "9.23"]
[White "Framberk ,Jan"]
[Black "Hrdina ,Robin"]
[Result "1/2-1/2"]
[WhiteElo "2025"]
[BlackElo "1859"]

1. b3 d5 2. Bb2 Bf5 3. e3 e6 4. f4 Nf6 5. Nf3 Bg4 6. h3 Bxf3 7. Qxf3 Nbd7 8. c4
c6 9. Nc3 Be7 10. cxd5 exd5 11. Bd3 Nc5 12. Bc2 Nfe4 13. Nxe4 dxe4 14. Bxe4 Bh4+
15. Ke2 Qd7 16. Bc2 O-O-O 17. Qg4 Ne6 18. Rhd1 Be7 19. Bf5 h5 20. Bxe6 fxe6
21. Qf3 h4 22. d4 Rhf8 23. Rac1 g5 24. Qe4 gxf4 25. exf4 Qd5 26. Qxd5 exd5
27. Rf1 Bd6 28. f5 Rde8+ 29. Kd3 Rg8 30. Rc2 Rg3+ 31. Rf3 Rf8 32. Rxg3 Bxg3
33. Re2 Rxf5 34. Ba3 Kc7 35. Re7+ 1/2-1/2

[Event "Open Ricany 2oo9"]
[Site "?"]
[Date "2009.08.29"]
[Round "9.3"]
[White "Vojta ,Tomas"]
[Black "Hosticka ,Frantisek"]
[Result "1-0"]
[WhiteElo "2365"]
[BlackElo "2185"]

1. e4 Nf6 2. e5 Nd5 3. c4 Nb6 4. c5 Nd5 5. Bc4 e6 6. Nc3 Nxc3 7. dxc3 Nc6
8. Qh5 Bxc5 9. Nf3 Be7 10. O-O b6 11. Rd1 Bb7 12. b4 Kf8 13. Bf4 Qe8 14. Qh3 Rd8
15. Rd3 a5 16. b5 Na7 17. Re1 d5 18. exd6 cxd6 19. a4 Nc8 20. Ng5 d5 21. Bb3 Nd6
22. Bc2 h6 23. Rg3 Bxg5 24. Bxg5 Rc8 25. Bc1 Nc4 26. Qg4 g6 27. Bxg6 d4 28. Bf5
Qd7 29. Qg7+ Ke7 30. Bxe6 Qxe6 31. Rxe6+ Kxe6 32. cxd4 Rhe8 33. h3 Nd6 34. Ba3
Bd5 35. Qe5+ 1-0

[Event "Open Ricany 2oo9"]
[Site "?"]
[Date "2009.08.29"]
[Round "9.2"]
[White "Ruzicka ml. ,Vaclav"]
[Black "Kulhanek ,Tomas"]
[Result "0-1"]
[WhiteElo "2024"]
[BlackElo "2444"]

1. c4 Nf6 2. Nc3 g6 3. e4 d6 4. d3 Bg7 5. g3 O-O 6. Bg2 e5 7. Nge2 Nc6 8. O-O
Be6 9. h3 Ne8 10. f4 exf4 11. Nxf4 Bd7 12. Be3 Nd4 13. Kh2 c6 14. Nce2 Nxe2
15. Qxe2 Nc7 16. Rac1 Ne6 17. Qd2 Nd4 18. Qf2 Qf6 19. Ne2 Qxf2 20. Rxf2 Nxe2
21. Rxe2 c5 22. Rd1 Be6 23. b3 Be5 24. d4 cxd4 25. Bxd4 Rfc8 26. Bb2 Kf8 27. Ba3
Ke7 28. Red2 Rc6 29. h4 a5 30. c5 dxc5 31. Bh3 b6 32. Bxe6 Kxe6 33. Rd7 Rd6
34. R1xd6+ Bxd6 35. Rb7 Rb8 36. Ra7 Rc8 37. Rb7 Rc6 38. Bc1 c4 39. bxc4 Rxc4
40. Bf4 Bc5 41. e5 Rc2+ 0-1

[Event "Open Ricany 2oo9"]
[Site "?"]
[Date "2009.08.29"]
[Round "9.8"]
[White "Pospisil ,Evzen"]
[Black "Schmalz ,Michal"]
[Result "1-0"]
[WhiteElo "2209"]
[BlackElo "1996"]

1. d4 Nf6 2. Nc3 g6 3. Nf3 d5 4. Bf4 Bg7 5. Qd2 O-O 6. Bh6 Nbd7 7. h4 Bxh6
8. Qxh6 Ng4 9. Qf4 Ndf6 10. Ne5 Qd6 11. Nd3 Qxf4 12. Nxf4 c6 13. f3 Ne3 14. Kd2
Nc4+ 15. Kc1 e5 16. dxe5 Nxe5 17. e3 h5 18. b3 Bf5 19. Bd3 Be6 20. Nce2 c5
21. Nxe6 fxe6 22. Nf4 Kf7 23. Kb2 Rac8 24. c3 Nxd3+ 25. Nxd3 Ke7 26. Nf4 Kd6
27. Rad1 c4 28. Rd2 Rg8 29. e4 Ke5 30. Nh3 Rgd8 31. Ng5 Rd7 32. f4+ Kxf4
33. Rf1+ Ke5 34. exd5 Nxd5 35. Nf7+ Ke4 36. Rd4+ Ke3 37. Ne5 Rg7 38. Rf3+ Ke2
39. Re4+ Kd2 40. bxc4 1-0

[Event "Open Ricany 2oo9"]
[Site "?"]
[Date "2009.08.29"]
[Round "9.31"]
[White "Hajek ,Jiri"]
[Black "Krasnay ,Peter"]
[Result "0-1"]
[WhiteElo "1823"]
[BlackElo "2088"]

1. e4 c5 2. Nc3 e6 3. Nf3 Nc6 4. Bb5 Nge7 5. O-O a6 6. Bxc6 Nxc6 7. d4 cxd4
8. Nxd4 Qc7 9. Re1 b5 10. Nxc6 Qxc6 11. e5 Bb7 12. Qg4 h5 13. Qe4 Qc7 14. Qd3
O-O-O 15. Ne4 Qxe5 16. c4 f5 17. cxb5 Bxe4 18. Qc4+ Qc5 0-1

[Event "Open Ricany 2oo9"]
[Site "?"]
[Date "2009.08.29"]
[Round "9.17"]
[White "Marsalek ,Lubos"]
[Black "Voracek ,Zdenek"]
[Result "1-0"]
[WhiteElo "1955"]
[BlackElo "2075"]

1. c4 Nf6 2. Nc3 c5 3. g3 d5 4. cxd5 Nxd5 5. Bg2 Nc7 6. Nf3 Nc6 7. O-O e5 8. d3
Be7 9. Nd2 Nd4 10. Nc4 f6 11. f4 exf4 12. Bxf4 O-O 13. Na5 Rb8 14. e3 Nde6
15. Qb3 Kh8 16. Nc6 bxc6 17. Qxb8 Na6 18. Qb3 g5 19. Bb8 c4 20. Qxc4 Nxb8 21. d4
Qe8 22. Qb3 Bd7 23. Qb7 a5 24. Rae1 g4 25. a3 Qh5 26. Ne2 Ng5 27. Nf4 Qh6
28. Qc7 Bf5 29. Qxe7 Nf3+ 30. Bxf3 gxf3 31. Rxf3 Bg4 32. Rff1 Nd7 33. Rc1 c5
34. Nd5 Bh3 35. Rf4 1-0

[Event "Open Ricany 2oo9"]
[Site "?"]
[Date "2009.08.29"]
[Round "9.20"]
[White "Petrun ,Milan"]
[Black "Vavrinec ,Tomas"]
[Result "1-0"]
[WhiteElo "1966"]
[BlackElo "2067"]

1. e4 e6 2. d4 d5 3. Nc3 dxe4 4. Nxe4 Nd7 5. Nf3 Ngf6 6. Bg5 Be7 7. Nxf6+ Nxf6
8. Bd3 h6 9. Bh4 c5 10. dxc5 Qa5+ 11. c3 Qxc5 12. O-O O-O 13. Qe2 Qh5 14. Rad1
Rd8 15. Rfe1 Bd7 16. Qe5 Qxe5 17. Nxe5 Be8 18. Ng4 Nd5 19. Bxe7 Nxe7 20. Ne5
Rac8 21. Be2 f6 22. Nf3 e5 23. g3 Bf7 24. Nh4 Be6 25. Bf3 b6 26. Be4 a5 27. Bb1
Bd5 28. f4 Nc6 29. Bf5 Rb8 30. Rxd5 1-0

[Event "Open Ricany 2oo9"]
[Site "?"]
[Date "2009.08.29"]
[Round "9.5"]
[White "Umanec ,Filip"]
[Black "Postupa ,Martin"]
[Result "1-0"]
[WhiteElo "2175"]
[BlackElo "1986"]

1. e4 e5 2. d4 exd4 3. Qxd4 Nc6 4. Qe3 d6 5. Bd2 Be7 6. Nc3 Nf6 7. O-O-O O-O
8. h3 Re8 9. f4 Bf8 10. Qf3 Nd4 11. Qd3 c5 12. g4 b5 13. Bg2 Bb7 14. g5 Nh5
15. Nce2 Nxe2+ 16. Nxe2 Qe7 17. Nc3 f5 18. Nd5 Qf7 19. exf5 c4 20. Qf3 Qxf5
21. Bc3 g6 22. Qf2 Bg7 23. Bxg7 Kxg7 24. Qd4+ Kf7 25. Ne3 Qd7 26. Bxb7 Qxb7
27. Ng4 Re7 28. Rhe1 Rd8 29. Nh6+ Ke8 30. Qh8+ Kd7 31. Rxe7+ Kxe7 32. Qxh7+ Ke6
33. Qxb7 1-0

[Event "Open Ricany 2oo9"]
[Site "?"]
[Date "2009.08.29"]
[Round "9.4"]
[White "Maly ,Filip"]
[Black "Kovar ,Vojtech"]
[Result "1-0"]
[WhiteElo "1986"]
[BlackElo "2328"]

1. e4 c5 2. Nf3 e6 3. d4 cxd4 4. Nxd4 a6 5. c4 Nf6 6. Nc3 Qc7 7. Be2 Bb4 8. Qd3
Bxc3+ 9. bxc3 d6 10. O-O O-O 11. f3 Nbd7 12. Ba3 Rd8 13. Qc2 Ne5 14. Qb3 b6
15. Rab1 Rb8 16. Rfd1 Bd7 17. Nf5 Ne8 18. Nxd6 h6 19. Nxe8 Bxe8 20. Rxd8 Qxd8
21. Rd1 Qg5 22. Bc1 Qe7 23. Ba3 Qg5 24. Bd6 Rb7 25. Qc2 Nd7 26. f4 Qf6 27. e5
Qxf4 28. Bf3 Ra7 29. Qe2 Qg5 30. Rf1 Nc5 31. Qf2 Na4 32. Qd4 Qd8 33. Be4 Qc8
34. Bc2 Nc5 35. Qh4 Bc6 36. Rf6 Be4 37. Bxe4 Nxe4 38. Qxe4 gxf6 39. exf6 e5
40. Qxe5 Qg4 41. Bc7 Kh7 42. Bxb6 Rd7 43. Bd4 Qd1+ 44. Kf2 Qc2+ 45. Kf3 Qd1+
46. Kf2 Qd3 47. Qe2 Qf5+ 48. Qf3 Kg6 49. g4 Qb1 50. Kg3 Qe1+ 51. Kf4 Qd2+
52. Kg3 Qc2 53. h4 h5 54. gxh5+ Kh7 55. Qg4 Qd3+ 56. Kg2 1-0

[Event "Open Ricany 2oo9"]
[Site "?"]
[Date "2009.08.29"]
[Round "9.36"]
[White "Vanecek ,Stanislav"]
[Black "Berg ,Antonin"]
[Result "1/2-1/2"]
[WhiteElo "1976"]
[BlackElo "1890"]

1. c4 c5 2. Nf3 Nf6 3. g3 d5 4. Bg2 Nc6 5. O-O e5 6. cxd5 Nxd5 7. Nc3 Nxc3
8. dxc3 Qc7 9. e4 Be7 10. Ne1 O-O 11. Nc2 Bd6 12. Ne3 Ne7 13. Nc4 Rd8 14. Bg5 h6
15. Be3 Be6 16. Nxd6 Rxd6 17. Qe2 Rad8 18. f4 f6 19. b3 b6 20. fxe5 fxe5
21. Rad1 c4 22. b4 Rd3 23. Rc1 Qd7 24. Bf3 1/2-1/2

[Event "Open Ricany 2oo9"]
[Site "?"]
[Date "2009.08.29"]
[Round "9.24"]
[White "Skalicky ,Tomas"]
[Black "Macku ,Emil"]
[Result "1/2-1/2"]
[WhiteElo "1607"]
[BlackElo "2020"]

1. e4 c5 2. c3 d5 3. exd5 Qxd5 4. d4 e5 5. dxe5 Qxd1+ 6. Kxd1 Nc6 7. f4 f6
8. exf6 Nxf6 9. Nf3 Bf5 10. Bb5 O-O-O+ 11. Nbd2 Ne7 12. h3 h5 13. Ne5 Be6
14. Bc4 Ned5 15. Ke1 Bd6 16. Ndf3 Rhe8 17. Bd3 Nd7 18. Bb5 Re7 19. Bxd7+ Bxd7
20. Kf2 Rde8 21. Re1 Bf5 22. Bd2 g5 23. g4 hxg4 24. hxg4 Bxe5 25. Nxe5 gxf4
26. gxf5 Rxe5 27. Rxe5 Rxe5 28. Kf3 Rxf5 29. Ke4 Rh5 30. Bxf4 Nxf4 31. Kxf4 Rh2
32. Rb1 Re2 33. a3 Kc7 34. Kf3 Re6 35. Rd1 Kc6 36. a4 c4 37. Rd4 Kc5 38. Re4 Ra6
39. Re5+ Kd6 40. Rb5 b6 41. Rb4 Kc5 42. Rb5+ 1/2-1/2

[Event "Open Ricany 2oo9"]
[Site "?"]
[Date "2009.08.29"]
[Round "9.26"]
[White "Boucek ,Vlastimil"]
[Black "Vlcek ,Marek"]
[Result "1-0"]
[WhiteElo "2032"]
[BlackElo "1972"]

1. e4 e5 2. d3 Nc6 3. c3 Nf6 4. g3 d5 5. Qe2 d4 6. f3 dxc3 7. bxc3 Bc5 8. Be3
Qe7 9. Nh3 Bd7 10. Nf2 O-O 11. Bg2 Rad8 12. O-O Bxe3 13. Qxe3 a6 14. Nd2 b5
15. a3 a5 16. d4 exd4 17. cxd4 b4 18. Qd3 Nxd4 19. Qxd4 Bb5 20. Qb2 Bxf1
21. Nxf1 c5 22. Ne3 Qc7 23. Bf1 Rfe8 24. Rc1 Re7 25. Bc4 Red7 26. Rc2 a4
27. axb4 cxb4 28. Qxb4 Qa7 29. Nd5 Nxd5 30. Bxd5 Rb8 31. Qc4 h6 32. Kg2 a3
33. Nd3 Rb1 34. Ne5 Rb2 35. Qc8+ Kh7 36. Nxd7 Rxc2+ 37. Qxc2 Qxd7 38. Qa2 Qd6
39. Bxf7 Qb4 40. Bd5 h5 41. h4 Kh6 42. Qf2 Kg6 43. Ba2 Qe7 44. Qb6+ Kh7 45. Qb5
Kh6 46. Qd3 Qb4 47. Qb3 Qd2+ 48. Kf1 Qc1+ 49. Ke2 Qc5 50. Qe3+ Qxe3+ 51. Kxe3
Kg6 52. f4 Kf6 53. e5+ Kf5 54. e6 Kf6 55. f5 Ke7 56. Kf4 1-0

[Event "Open Ricany 2oo9"]
[Site "?"]
[Date "2009.08.29"]
[Round "9.27"]
[White "Lexa ,Vaclav"]
[Black "Koper ,Stefan"]
[Result "1-0"]
[WhiteElo "1895"]
[BlackElo "2024"]

1. d4 g6 2. c4 Bg7 3. Nc3 e6 4. e4 d6 5. Nf3 Nd7 6. Be2 Ne7 7. O-O c6 8. Bf4 e5
9. Bg3 Qb6 10. dxe5 dxe5 11. Qc2 f6 12. Na4 Qa5 13. c5 b5 14. cxb6 axb6 15. b3
O-O 16. Nd2 Qa7 17. Kh1 b5 18. Nb2 Bh6 19. b4 Qd4 20. Nb3 Qxb4 21. f3 Qa3
22. Bf2 Bb7 23. Nc5 Nxc5 24. Bxc5 Qa5 25. Bxe7 Rf7 26. Bc5 Rd8 27. Rfd1 Rfd7
28. Rxd7 Rxd7 29. Rd1 Rd2 30. Rxd2 Bxd2 31. Qb3+ Kg7 32. Qe6 Qd8 33. Qe7+ Qxe7
34. Bxe7 Bc8 35. a3 Be6 36. Bc5 g5 37. Kg1 h5 38. Kf2 h4 39. h3 Kf7 40. Nd1 Kg6
41. Ne3 Bc1 42. Ng4 Bb2 43. Bd3 Bd7 44. Ke2 Bd4 45. Be7 c5 46. Nxf6 Bc6 47. Nd5
c4 48. Bc2 Bb2 49. Bb4 Kf7 50. Nc3 Ke6 51. Kd2 Be8 52. Bd1 Bc6 53. Kc2 Ba1
54. Kb1 Bxc3 55. Bxc3 Be8 56. Kc2 Bg6 57. Bb4 g4 58. hxg4 h3 59. gxh3 1-0

[Event "Open Ricany 2oo9"]
[Site "?"]
[Date "2009.08.29"]
[Round "9.32"]
[White "Havelka ,Petr"]
[Black "Chromovsky ,Hynek"]
[Result "1-0"]
[WhiteElo "1936"]
[BlackElo "1802"]

1. d4 Nf6 2. c4 g6 3. Nc3 Bg7 4. Nf3 O-O 5. e4 d6 6. Be2 c5 7. d5 Nbd7 8. O-O
a6 9. Bg5 Qc7 10. Qd2 Re8 11. Rad1 b6 12. Bh6 Bh8 13. Ng5 Ne5 14. h3 Rd8 15. f4
Ned7 16. Rde1 Bg7 17. Bxg7 Kxg7 18. Bf3 h6 19. Nxf7 Kxf7 20. e5 dxe5 21. d6 exd6
22. Bxa8 Kg7 23. fxe5 Nxe5 24. Bd5 Bf5 25. Re3 Qd7 26. b3 Re8 27. Rfe1 Qe7
28. Bc6 Rf8 29. Nd5 Nxd5 30. Bxd5 Qg5 31. R3e2 Qh4 32. Qe3 Bd3 33. Rf2 Rxf2
34. Qxf2 Qxf2+ 35. Kxf2 Kf6 36. Rd1 h5 37. Ke3 Bf5 38. Bb7 Ke7 39. Bxa6 g5
40. Bb7 g4 41. hxg4 Bxg4 42. Bf3 1-0